书目信息 |
| 题名: |
帆船比赛组织与实施
|
|
| 作者: | 许冠忠 , 周长城 , 肖春 著 | |
| 分册: | ||
| 出版信息: | 青岛 中国海洋大学出版社 2008.01 |
|
| 页数: | 255页 | |
| 开本: | 23cm | |
| 丛书名: | ||
| 单 册: | ||
| 中图分类: | G861.473 | |
| 科图分类: | ||
| 主题词: | 帆船运动--fan chuan yun dong--运动竞赛--组织工作 | |
| 电子资源: | ||
| ISBN: | 978-7-81125-109-8 | |
| 000 | 01004nam0 2200277 450 | |
| 001 | 012008720780 | |
| 005 | 20080715102952.28 | |
| 010 | @a978-7-81125-109-8@dCNY39.80 | |
| 100 | @a20080715d2008 em y0chiy0120 ea | |
| 101 | 0 | @achi |
| 102 | @aCN@b370000 | |
| 105 | @aa z 000yy | |
| 106 | @ar | |
| 200 | 1 | @a帆船比赛组织与实施@Afan chuan bi sai zu zhi yu shi shi@f许冠忠, 周长城, 肖春著@Fxu guan zhong,zhou chang cheng,xiao chun zhu |
| 210 | @a青岛@c中国海洋大学出版社@d2008.01 | |
| 215 | @a255页@c图@d23cm | |
| 312 | @a英文并列题名取自封面 | |
| 330 | @a本书主要介绍了帆船比赛组织与实施规则,内容包括:帆船运动简介、帆船级别简介、赛前准备、竞赛实施、赛后工作等。 | |
| 510 | 1 | @aGuide to sailing competition@zeng |
| 606 | 0 | @a帆船运动@Afan chuan yun dong@x运动竞赛@x组织工作 |
| 690 | @aG861.473@v4 | |
| 701 | 0 | @a许冠忠@Axu guan zhong@4著 |
| 701 | 0 | @a周长城@Azhou chang cheng@4著 |
| 701 | 0 | @a肖春@Axiao chun@4著 |
| 801 | 0 | @aCN@bQSSK@c20080715 |
| 905 | @b731032-34@dG861.473@eX869@f3 | |
| 帆船比赛组织与实施/许冠忠, 周长城, 肖春著.-青岛:中国海洋大学出版社,2008.01 |
| 255页:图;23cm |
| ISBN 978-7-81125-109-8:CNY39.80 |
| 本书主要介绍了帆船比赛组织与实施规则,内容包括:帆船运动简介、帆船级别简介、赛前准备、竞赛实施、赛后工作等。 |
| ● |
| 相关链接 |
|
|
|
正题名:帆船比赛组织与实施
索取号:G861.473/X869
 
预约/预借
| 序号 | 登录号 | 条形码 | 馆藏地/架位号 | 状态 | 备注 |
| 1 | 731032 | 207310328 | 社科库409/409社科库 26排4列2层/ [索取号:G861.473/X869] | 在馆 | |
| 2 | 731033 | 207310337 | 社科库409/409社科库 26排4列2层/ [索取号:G861.473/X869] | 在馆 | |
| 3 | 731034 | 207310346 | 社科库409/409社科库 26排4列2层/ [索取号:G861.473/X869] | 在馆 |